000 00708nam a2200289Ia 4500
005 20260324124851.0
008 008 260324s9999 xx 000 0 eng d
020 _a9781315634364
037 _aEBOOK
040 _aCRL
040 _beng
040 _cCRL
041 _2eng
041 _aeng
084 _qCRL
100 _aGeorge H. Sage
_91175803
245 0 _aGlobalizing Sport
245 0 _bHow Organizations, Corporations, Media, and Politics are Changing Sport
260 _bTaylor and Francis
260 _c2010
365 _a
365 _b290
856 _uhttp://www.taylorfrancis.com/books/9781315634364
942 _cEBOOK
999 _c1770571
_d1770571